Statistics for Netherlands World Cup 2022 Squad

Click here to take the quiz!

General Stats

  • This quiz has been taken 17 times
  • The average score is 18 of 26

Answer Stats

PositionClubPlayer% Correct
FWFC BarcelonaMemphis Depay
100%
DFLiverpoolVirgil Van Dijk
100%
DFInter MilanDenzel Dumfries
93%
MFFC BarcelonaFrenkie De Jong
93%
FWPSV EindhovenLuuk De Jong
93%
FWPSV EindhovenCody Gakpo
87%
DFAjaxDaley Blind
87%
DFBayern MunichMatthijs De Ligt
87%
DFManchester CityNathan Ake
87%
DFManchester UnitedTyrell Malacia
87%
DFInter MilanStefan De Vrij
80%
MFAjaxSteven Berghuis
73%
MFAjaxDavy Klaassen
67%
FWBesiktasWout Weghorst
67%
GKHeerenveenAndries Noppert
60%
DFAjaxJurrien Timber
60%
DFBayer LeverkusenJeremie Frimpong
53%
MFAtalantaMarten De Roon
53%
FWAjaxSteven Bergwijn
53%
MFAtalantaTeun Koopmeiners
53%
GKFeyenoordJustin Bijlow
47%
GKAjaxRemko Pasveer
47%
FWClub BruggeNoa Lang
40%
FWRoyal AntwerpVincent Janssen
40%
MFPSV EindhovenXavi Simons
27%
MFAjaxKenneth Taylor
20%

Score Distribution

Percentile by Number Answered

Percent of People with Each Score

Your Score History

You have not taken this quiz